书目信息 |
| 题名: |
赤松外生菌根生理生态学研究
|
|
| 作者: | 马大龙 , 苑亚茹 著 | |
| 分册: | ||
| 出版信息: | 哈尔滨 黑龙江大学出版社 2019 |
|
| 页数: | 238页 | |
| 开本: | 26cm | |
| 丛书名: | ||
| 单 册: | ||
| 中图分类: | S791.245.02 , S79 | |
| 科图分类: | ||
| 主题词: | 赤松--外生菌根--生理生态学--研究 | |
| 电子资源: | ||
| ISBN: | 978-7-5686-0316-4 | |
| 000 | 01059nam0 2200241 450 | |
| 001 | 2375017242 | |
| 005 | 20231016205032.33 | |
| 010 | @a978-7-5686-0316-4@dCNY47.00 | |
| 100 | @a20200408d2019 em y0chiy50 ea | |
| 101 | 0 | @achi |
| 102 | @aCN@b230000 | |
| 105 | @aa z 000yy | |
| 200 | 1 | @a赤松外生菌根生理生态学研究@Achi song wai sheng jun gen sheng li sheng tai xue yan jiu@f马大龙, 苑亚茹著 |
| 210 | @a哈尔滨@c黑龙江大学出版社@d2019 | |
| 215 | @a238页@c图@d26cm | |
| 330 | @a本书对不同林龄下赤松的外生菌根形态和解剖特征进行细致观察和描述,并运用ITS-PCR方法对赤松外生菌根的rDNA ITS序列进行分子生物学鉴定;初步揭示了赤松外生菌根真菌的生物多样性,并分析其共生模式及群落变化趋势。同时还研究了冰冻胁迫下四种优势外生菌根菌菌丝体的半致死温度和重复冻融对菌丝体的影响,探讨它们的抗寒性及适应机制。 | |
| 606 | 0 | @a赤松@x外生菌根@x生理生态学@x研究 |
| 690 | @aS791.245.02@v5 | |
| 690 | @aS79@v4 | |
| 701 | 0 | @a马大龙@Ama da long@f(1952- )@4著 |
| 701 | 0 | @a苑亚茹@Ayuan ya ru@4著 |
| 801 | 0 | @aCN@b大连网信软件有限公司图书馆·11@c20231016 |
| 905 | @aZUCC@dS79@e7 | |
| 赤松外生菌根生理生态学研究/马大龙, 苑亚茹著.-哈尔滨:黑龙江大学出版社,2019 |
| 238页:图;26cm |
| ISBN 978-7-5686-0316-4:CNY47.00 |
| 本书对不同林龄下赤松的外生菌根形态和解剖特征进行细致观察和描述,并运用ITS-PCR方法对赤松外生菌根的rDNA ITS序列进行分子生物学鉴定;初步揭示了赤松外生菌根真菌的生物多样性,并分析其共生模式及群落变化趋势。同时还研究了冰冻胁迫下四种优势外生菌根菌菌丝体的半致死温度和重复冻融对菌丝体的影响,探讨它们的抗寒性及适应机制。 |
| ● |
| 相关链接 |
|
|
|
正题名:赤松外生菌根生理生态学研究
索取号:S79/7
 
预约/预借
| 序号 | 登录号 | 条形码 | 馆藏地/架位号 | 状态 | 备注 |
| 1 | 2001027771 | 2001027771 | 315书库/四28架B面2层4列/ [索取号:S79/7] | 在馆 | |
| 2 | 2001027772 | 2001027772 | 315书库/四28架B面2层4列/ [索取号:S79/7] | 在馆 | |
| 3 | 2001027773 | 2001027773 | 315书库/四28架B面2层4列/ [索取号:S79/7] | 在馆 | |
| 4 | 2001027774 | 2001027774 | 315书库/四28架B面2层4列/ [索取号:S79/7] | 在馆 | |
| 5 | 2001027775 | 2001027775 | 315书库/四28架B面2层4列/ [索取号:S79/7] | 在馆 | |
| 6 | 2001027776 | 2001027776 | 315书库/四28架B面2层4列/ [索取号:S79/7] | 在馆 |